|
|
|
|
| LEADER |
02351nam a2200337 a 4500 |
| 001 |
14300203 |
| 008 |
091013s2007 njua 001 0 eng d |
| 010 |
|
|
|a 2006044772
|
| 020 |
|
|
|a 0131988263
|
| 020 |
|
|
|a 0131730444
|
| 040 |
|
|
|a DLC
|c DLC
|d YDX
|d BAKER
|d VP@
|d DLC
|
| 082 |
0 |
0 |
|a 621.319/2
|2 22
|
| 100 |
1 |
|
|a Boylestad, Robert L.
|
| 245 |
1 |
0 |
|a Introductory circuit analysis /
|c Robert L. Boylestad.
|
| 250 |
|
|
|a 11th ed.
|
| 260 |
|
|
|a Upper Saddle River, N.J. :
|b Pearson/Prentice Hall,
|c c2007.
|
| 300 |
|
|
|a xvi, 1156 p. :
|b ill. (chiefly col.) ;
|c 29 cm.
|
| 504 |
|
|
|a Includes index.
|
| 541 |
1 |
|
|e 00019341
|
| 650 |
|
0 |
|a Electric circuits
|v Textbooks.
|
| 650 |
|
0 |
|a Electric circuit analysis
|x Data processing
|v Textbooks.
|
| 852 |
4 |
|
|a Ayesha Abed Library
|j General Shelf.
|
| 942 |
0 |
0 |
|0 10
|
| 999 |
|
|
|c 4552
|d 4552
|
| 952 |
|
|
|0 0
|1 0
|2 ddc
|4 0
|6 621_319000000000000_2_BOY_2007
|7 0
|9 4301
|a BRACUL
|b BRACUL
|c GEN
|d 2009-10-13
|g 450.00
|l 38
|m 368
|o 621.3192 BOY
|p 3010019341
|r 2025-10-09
|s 2024-11-05
|t 1
|v 900.00
|w 2009-10-13
|y BK
|
| 952 |
|
|
|0 0
|1 0
|2 ddc
|4 0
|6 621_319000000000000_2_BOY_2007
|7 0
|9 4302
|a BRACUL
|b BRACUL
|c GEN
|d 2009-10-13
|g 450.00
|l 48
|m 343
|o 621.3192 BOY
|p 3010019339
|r 2026-04-27
|s 2026-02-26
|t 2
|v 900.00
|w 2009-10-13
|y BK
|
| 952 |
|
|
|0 0
|1 0
|2 ddc
|4 0
|6 621_319200000000000_BOY_2007
|7 0
|9 4303
|a BRACUL
|b BRACUL
|c GEN
|d 2009-10-13
|g 450.00
|l 45
|m 323
|o 621.3192 BOY
|p 3010019340
|r 2024-06-12
|s 2024-06-03
|t 3
|v 900.00
|w 2009-10-13
|y BK
|
| 952 |
|
|
|0 0
|1 0
|2 ddc
|4 1
|6 621_319200000000000_BOY_2007
|7 0
|9 4316
|a BRACUL
|b BRACUL
|d 2009-10-14
|g 450.00
|l 52
|m 355
|o 621.3192 BOY
|p 3010019335
|r 2024-06-23
|s 2024-06-13
|t 4
|v 900.00
|w 2009-10-14
|y BK
|x Koha Inventory 2020 ; Previously missing book recovered on 03 November 2025 ; Permanently damaged and unrepairable.
|
| 952 |
|
|
|0 0
|1 0
|2 ddc
|4 1
|6 621_319200000000000_BOY
|7 0
|9 4317
|a BRACUL
|b BRACUL
|c SPS
|d 2009-10-14
|g 450.00
|l 28
|m 161
|o 621.3192 BOY
|p 3010019336
|r 2018-08-28
|s 2018-06-26
|t 5
|v 900.00
|w 2009-10-14
|y BK
|x Photocopy Book. Declared as Damaged on December 10, 2023
|
| 952 |
|
|
|0 0
|1 0
|2 ddc
|4 0
|6 621_319200000000000_BOY_2007
|7 0
|9 4318
|a BRACUL
|b BRACUL
|c GEN
|d 2009-10-14
|g 450.00
|l 57
|m 350
|o 621.3192 BOY
|p 3010019337
|r 2025-01-06
|s 2024-10-23
|t 6
|v 900.00
|w 2009-10-14
|y BK
|
| 952 |
|
|
|0 0
|1 0
|2 ddc
|4 0
|6 621_319000000000000_2_BOY_2007
|7 0
|9 4319
|a BRACUL
|b BRACUL
|c GEN
|d 2009-10-14
|g 450.00
|l 48
|m 365
|o 621.3192 BOY
|p 3010019338
|q 2025-07-30
|r 2024-05-29
|s 2024-05-29
|t 7
|v 900.00
|w 2009-10-14
|y BK
|